000 00492nmm a2200169Ia 4500
008 251105s9999||||xx |||||||||||||||||und||
020 _a9788446050162
041 _aspa
100 _aOlin Wright, Erik
245 0 _aCómo ser anticapitalista en el siglo XXI
264 _a[Madrid, España] :
_bAkal,
_c2020
300 _a192 páginas
490 _aPensamiento crítico
650 _aPolitical Science (General)
856 _uhttps://public.digitaliapublishing.com/a/70715
942 _cCF
999 _c83244
_d83244